000 00597nam a2200205Ia 4500
005 20250923144627.0
008 008 250917s9999 xx 000 0 eng d
037 _aTextual
040 _aDSWL
_beng
_cDSWL
041 _aeng
_2eng
084 _aQ8441, D9.3
_qDSWL
100 _aMacauliffe, Max Arthur
_9826782
245 0 _aSikh religion, Volume 5&6
_cby Max Arthur Macaulife
260 _aClarondon
_bOxford at the Clarondon Press
_c1909
365 _aINR
_b10.5
490 _vVol.3
925 _g10.5
942 _cTEXL
_hQ8441, D9.3
999 _c1441349
_d1441349